000 00836nam a22002177a 4500
003 AM-YEHGA
005 20250617164340.0
008 211220bs ||||| |||| 00| 0 rus d
040 _aAM-YeHGA
041 0 _arus
100 1 _aГайдар, Аркадий Петрович.
245 1 0 _aШкола ;
_bТанкер "Дербент"
_cА. П. Гайдар. Танкер "Дербент" / Ю. Крымов
260 _aМосква :
_b Мол. гвардия,
_c1962.
300 _a431 с.,
_bил.
440 _aБ-ка избранных революционно-романтических произведений советских писателей;
_nт. 1
653 0 _aСоветская литература
740 2 _aТанкер "Дербент"
942 _2udc
_cBK
001 1810205
090 _c525788
999 _c522198
_d522198